Industrial control equipment for gaseous pollutants (Record no. 31237)

MARC details
000 -LEADER
fixed length control field 00364nam a2200133Ia 4500
082 ## - DEWEY DECIMAL CLASSIFICATION NUMBER
Classification number 662.613.5
Item number BOU
100 ## - MAIN ENTRY--AUTHOR NAME
Personal name Bou Nicore, Anthony J
245 #0 - TITLE STATEMENT
Title Industrial control equipment for gaseous pollutants
260 ## - PUBLICATION, DISTRIBUTION, ETC. (IMPRINT)
Place of publication Ohio
Name of publisher CRC
Year of publication 1975
650 ## - SUBJECT ADDED ENTRY--TOPICAL TERM
Topical Term Gaseous pollutants
700 ## - ADDED ENTRY--PERSONAL NAME
Personal name Theodore, Louis
942 ## - ADDED ENTRY ELEMENTS (KOHA)
Koha item type Books
Holdings
Withdrawn status Lost status Damaged status Not for loan Home library Current library Date acquired Cost, normal purchase price Full call number Accession Number Koha item type
        RRII Library RRII Library 16/12/2021 41.95 662.613.5 BOU 11788 Books